
Library Catalogue

| 000 -LEADER | |
|---|---|
| fixed length control field | 02106cam a2200349 i 4500 |
| 001 - CONTROL NUMBER | |
| control field | 20529143 |
| 003 - CONTROL NUMBER IDENTIFIER | |
| control field | OSt |
| 005 - DATE AND TIME OF LATEST TRANSACTION | |
| control field | 20260212065727.0 |
| 008 - FIXED-LENGTH DATA ELEMENTS--GENERAL INFORMATION | |
| fixed length control field | 180605t20172017quc b 001 0 eng |
| 010 ## - LIBRARY OF CONGRESS CONTROL NUMBER | |
| LC control number | 2017473971 |
| 016 ## - NATIONAL BIBLIOGRAPHIC AGENCY CONTROL NUMBER | |
| Record control number | C20169053628 |
| 016 ## - NATIONAL BIBLIOGRAPHIC AGENCY CONTROL NUMBER | |
| Record control number | C20169053636 |
| 020 ## - INTERNATIONAL STANDARD BOOK NUMBER | |
| International Standard Book Number | 9780773548237 (pbk.) |
| 035 ## - SYSTEM CONTROL NUMBER | |
| System control number | (OCoLC)ocn949149834 |
| 040 ## - CATALOGING SOURCE | |
| Original cataloging agency | NLC |
| Language of cataloging | eng |
| Transcribing agency | NLC |
| Description conventions | rda |
| Modifying agency | YDXCP |
| -- | BDX |
| -- | BTCTA |
| -- | OCLCF |
| -- | TOH |
| -- | GWL |
| -- | CDX |
| -- | UCL |
| -- | CHVBK |
| -- | CLE |
| -- | NLC |
| -- | UNBCA |
| -- | TFF |
| -- | MKN |
| -- | OCLCO |
| -- | DLC |
| 042 ## - AUTHENTICATION CODE | |
| Authentication code | lccopycat |
| 082 04 - DEWEY DECIMAL CLASSIFICATION NUMBER | |
| Classification number | 327.174 KIE |
| 100 1# - MAIN ENTRY--PERSONAL NAME | |
| Personal name | Kierulf, John |
| 245 10 - TITLE STATEMENT | |
| Title | Disarmament under international law / |
| Statement of responsibility, etc. | John Kierulf. |
| 264 #1 - PRODUCTION, PUBLICATION, DISTRIBUTION, MANUFACTURE, AND COPYRIGHT NOTICE | |
| Place of production, publication, distribution, manufacture | Montreal : |
| Name of producer, publisher, distributor, manufacturer | McGill-Queen's University Press, |
| Date of production, publication, distribution, manufacture, or copyright notice | 2017. |
| 300 ## - PHYSICAL DESCRIPTION | |
| Extent | xiii, 276 p. ; |
| Dimensions | 24 cm. |
| 490 0# - SERIES STATEMENT | |
| Series statement | Human dimensions in foreign policy, military studies, and security studies ; |
| Volume/sequential designation | 4 |
| 504 ## - BIBLIOGRAPHY, ETC. NOTE | |
| Bibliography, etc. note | Includes bibliographical references (pages 259-264) and index. |
| 505 0# - FORMATTED CONTENTS NOTE | |
| Formatted contents note | • Background and context in international law; <br/>• Historical development of disarmament and arms control;<br/>• Negotiation of agreements;<br/>• Interpretation, compliance, and enforcement of agreements;<br/>• Weapons of mass destruction;<br/>• Nuclear weapons; <br/>• Biological weapons;<br/>• Chemical weapons;<br/>• Other types of weapons of mass destruction;<br/>• Weapons of mass destruction in outer space; <br/>• Delivery systems for weapons of mass destruction;<br/>• Heavy conventional weapons;<br/>• Small arms and light weapons, inhumane conventional weapons, anti-personnel mines, and cluster bombs;<br/>• Arms trade, export control regimes, and world military expenditure; <br/>• Recommendations for further development of international law on disarmament, arms control and non-proliferation;<br/>• Epilogue: the threat of nuclear weapons and the necessity of nuclear disarmament and non-proliferation.<br/> |
| 650 #0 - SUBJECT ADDED ENTRY--TOPICAL TERM | |
| Topical term or geographic name entry element | Disarmament. |
| 650 #0 - SUBJECT ADDED ENTRY--TOPICAL TERM | |
| Topical term or geographic name entry element | Arms control. |
| 650 #0 - SUBJECT ADDED ENTRY--TOPICAL TERM | |
| Topical term or geographic name entry element | Security, International. |
| 650 #0 - SUBJECT ADDED ENTRY--TOPICAL TERM | |
| Topical term or geographic name entry element | War (International law) |
| 906 ## - LOCAL DATA ELEMENT F, LDF (RLIN) | |
| a | 7 |
| b | cbc |
| c | copycat |
| d | 2 |
| e | ncip |
| f | 20 |
| g | y-gencatlg |
| 942 ## - ADDED ENTRY ELEMENTS (KOHA) | |
| Source of classification or shelving scheme | Dewey Decimal Classification |
| Koha item type | BOOKs |
| Withdrawn status | Lost status | Source of classification or shelving scheme | Materials specified (bound volume or other part) | Damaged status | Not for loan | Home library | Current library | Shelving location | Date acquired | Source of acquisition | Cost, normal purchase price | Total Checkouts | Full call number | Barcode | Date last seen | Date last checked out | Price effective from | Koha item type |
|---|---|---|---|---|---|---|---|---|---|---|---|---|---|---|---|---|---|---|
| Dewey Decimal Classification | PB | . | . | 05.12.2017 | Purchased | 2485.00 | 1 | 327.174 KIE | 35717 | 09.11.2022 | 07.11.2022 | 05.12.2018 | BOOKs |